The Grand Canyon. An article giving the credit of first traversing the Grand Canyon of the Colorado to James White, a Colorado gold prospector, who it is claimed made the voyage two years previous to the expedition under the direction of Maj. J. W. Powell in 1869.

Bibliographic Details
Corporate Authors: United States. Congress. Senate. Committee on Printing, ProQuest (Firm)
Format: eBook
Language:English
Published: Washington : [publisher not identified], 1917.
Series:United States congressional serial set.
Subjects:
Online Access:Connect to the full text of this electronic book

MARC

Tag First Indicator Second Indicator Subfields
LEADER 00000cam a22000001a 4500
001 in00003051925
005 20190402190329.0
006 m o d
007 cr un mmmapmmp
008 070707s1917 dcua o f000 0 eng d
035 |a cis2004144962 
040 |a UMI  |c UMI  |d UtOrBLW 
043 |a n-us--- 
099 |a ProQuest Serial Set Number 7264 S.doc.42 
110 1 |a United States.  |b Congress.  |b Senate.  |b Committee on Printing. 
245 1 4 |a The Grand Canyon. An article giving the credit of first traversing the Grand Canyon of the Colorado to James White, a Colorado gold prospector, who it is claimed made the voyage two years previous to the expedition under the direction of Maj. J. W. Powell in 1869. 
246 1 |a Grand Canyon, article by Thomas F. Dawson 
264 1 |a Washington :  |b [publisher not identified],  |c 1917. 
300 |a 1 online resource. 
336 |a text  |b txt  |2 rdacontent 
337 |a computer  |b c  |2 rdamedia 
338 |a online resource  |b cr  |2 rdacarrier 
490 0 |a S.doc.42 
500 |a Includes illustrations. 
500 |a Record is based on bibliographic data in ProQuest U.S. Serial Set Digital Collection (last viewed July 2007). Reuse except for individual research requires license from ProQuest, LLC. 
510 3 |a ProQuest U.S. Serial Set Digital Collection 
500 |a Electronic resource. 
650 0 |a Grammar, Comparative and general  |x Article. 
650 0 |a Mineral industries. 
651 0 |a Grand Canyon (Ariz.) 
655 7 |a Electronic books.  |2 local 
710 2 |a ProQuest (Firm) 
830 0 |a United States congressional serial set. 
856 4 0 |u http://proxy.library.tamu.edu/login?url=http://congressional.proquest.com/congcomp/getdoc?SERIAL-SET-ID=7264+S.doc.42  |z Connect to the full text of this electronic book  |t 0 
999 |a MARS 
999 f f |s 62db5af3-ea12-3cad-a5a9-da153fdd22bc  |i da3e5df2-4516-3198-a514-ab4cdad8436d  |t 0 
952 f f |a Texas A&M University  |b College Station  |c Electronic Resources  |d Available Online  |t 0  |e ProQuest Serial Set Number 7264 S.doc.42  |h Other scheme 
998 f f |a ProQuest Serial Set Number 7264 S.doc.42  |t 0  |l Available Online